| 000 | 00748nam a2200229 a 4500 | ||
|---|---|---|---|
| 001 | 000031421 | ||
| 003 | DO-SdBNP | ||
| 005 | 20250414130118.0 | ||
| 007 | ta | ||
| 008 | 110622s1965 dr 000 0 spa d | ||
| 040 |
_aDO-SdBNP _bspa _cBNPHU |
||
| 082 |
_a726.6 _bN789c |
||
| 100 | 1 |
_aNolasco, Flérida de, _d1891-1976 _935151 |
|
| 245 | 1 | 3 |
_aLa catedral de Santo Domingo : _bprimada de América / _cFlérida de Nolasco. |
| 260 |
_aSanto Domingo : _bEditora del Caribe, _c1965. |
||
| 300 |
_a63 p. ; _c23 cm. |
||
| 590 | _aInventariado, 2022/ YL | ||
| 590 | _aPerteneció a la biblioteca personal de Martínez Boog. | ||
| 610 | 2 | 0 |
_aCatedral de Santo Domingo (República Dominicana) _xHistoria _987444 |
| 910 | _aYLockward | ||
| 942 |
_2ddc _cLBS1 |
||
| 999 |
_c30913 _d30913 |
||